| 000 | 00349nam a2200121Ia 4500 | ||
|---|---|---|---|
| 008 | 171211s9999 xx 000 0 und d | ||
| 020 | _a9780323295680 | ||
| 100 | _aMcPherson, Richard A. | ||
| 245 | _aHenry's Clinical Diagnosis and Management by Laboratory Methods | ||
| 250 | _a23 Edition | ||
| 260 |
_bElsevier, Inc. _c2017 |
||
| 300 | _a1565 pages | ||
| 999 |
_c350930 _d350930 |
||